000 01647nkm a2200349 i 4500
001 3059
003 ES-MaACL
005 20250713062543.0
007 khrbo
008 041112s1982 sp --- g |001||spa d
100 0 _aAlfonso,
_d1902-1990
_919858
245 1 0 _aHomenaje al Nobel Gabriel García Márquez [
_hFotografía] /
_cAlfonso (sello).
260 _a[S.l. :
_bs.n.],
_c1982.
300 _a5 fot. :
_bb. y n. ;
_c12 x 18 cm.
500 _aDatos basados en invitación.
505 8 _aAproximación a García Márquez. -- Recital de música latinoamericana
511 0 _aIntervienen: Manuel Hernández Benavides, Carlos Jiménez, Manuel Picón, Olga Manzano, Sebastián Fuensalida, Héctor Santos.
518 _aActo organizado por el Ateneo de Madrid en colaboración con la Asociación Cultural Amistad Colombiano-Española, celebrado en el salón de actos el sábado 11 de diciembre de 1982, a las 18:00 h.
600 1 4 _aHernández Benavides, Manuel.
_962888
600 1 4 _aJiménez, Carlos.
_966399
600 1 4 _aPicón, Manuel.
_991877
600 1 4 _aManzano, Olga.
_976221
600 1 4 _aFuensalida, Sebastián.
_952824
600 1 4 _aSantos, Héctor.
_9103475
610 2 4 _aAteneo de Madrid-
_xActos culturales-
_y1982-
_vFotografías.
_91894
710 2 _aAteneo de Madrid.
_91875
710 2 _aAsociación Cultural Amistad Colombiano-Española.
_91528
852 _aES-MaACL
_jFOT 3/1982
856 4 _uhttp://www.ateneodemadrid.net/biblioteca_digital/imagenes/1982/0003_01-1982.jpg
_zVer imagen
856 4 _uhttp://www.ateneodemadrid.net/biblioteca_digital/imagenes/1982/0003_02-1982.jpg
_zVer imagen
999 _c3059
_d3059